| 000 | 00604nam a2200193Ia 4500 | ||
|---|---|---|---|
| 003 | LDD | ||
| 008 | 190117s9999 xx 000 0 und d | ||
| 020 |
_a9789383725489 _c₹400 |
||
| 040 | _cLDD | ||
| 041 | _ahi | ||
| 082 | _a8H3.6 प्रे59222ग | ||
| 100 | _aप्रेमचंद्र | ||
| 245 | 0 |
_aगबन _cप्रेमचंद्र |
|
| 260 |
_aदिल्ली _bकल्पना प्रकाशन _c2016 |
||
| 300 | _a252p. | ||
| 901 | _aKKP | ||
| 904 | _aReqst by : Jitendra Shrivastava | ||
| 942 |
_2ddc _cH |
||
| 999 |
_c164214 _d164214 |
||